000 00327nam a2200133Ia 4500
008 240624s9999 xx 000 0 und d
041 _aeng
082 _a658.4012 GOO
100 _aGOOLD MICHAEL
245 _aCORPORATE LEVEL STRATEGY CREATING VALUE
260 _c1994
_aNew York
_bWiley
300 _a464 : p.
365 _c
_b30
999 _c19329
_d19329